Geography Quiz

Random Geography or State Quiz

Boat Friendly States Quiz Stats

Quiz Updated Sep 21, 2012

Challenge
Share
Tweet
Embed
Score 0/20 Timer 02:00
1 Play Today
Rank State % Correct
20.Florida
96%
11.Maine
79.7%
4.Michigan
79.2%
12.Louisiana
68.9%
10.Mississippi
66.4%
1.Minnesota
65.7%
18.Alabama
65.4%
3.South Carolina
65.2%
8.Alaska
61.7%
2.Wisconsin
61.2%
Rank State % Correct
15.Delaware
48.4%
6.New Hampshire
45.4%
19.Missouri
42.5%
7.Iowa
38.5%
14.Montana
38.1%
9.Arkansas
36.8%
5.North Dakota
35.8%
13.South Dakota
34.5%
16.Idaho
33.2%
17.Oklahoma
23.2%

You're not logged in!

Compare scores with friends on all Sporcle quizzes.
Sign Up with Email
OR
Log In

You Might Also Like...

Show Comments

Extras

Top Quizzes Today


Score Distribution

Your Account Isn't Verified!

In order to create a playlist on Sporcle, you need to verify the email address you used during registration. Go to your Sporcle Settings to finish the process.